000 00390nam a2200109 a 4500
008 120416s1987 xx |||||||||||||| || u
050 _aTS 1787 Ste
245 0 0 _aSteel, wire ropes for mine hoisting
260 _c1987
350 _a0.00
995 _D0.00
_FCBU-MAIN LIBRARY (Kitwe)
_H1
_I10.00
_UAVAILABLE
_ZMain Library Open Access Collection
999 _c58413
_d58413